Содержание [²³4 U] в обогащенном уране в зависимости от его концентрации в сырье; Атомная энергия; Т. 95, вып. 1

Bibliographische Detailangaben
Parent link:Атомная энергия: теоретический и научно-технический журнал/ Российская академия наук ; Министерство РФ по атомной энергии, ядерного общества.— , 1956-.— 0004-7163
Т. 95, вып. 1.— 2003.— с. 32-34
Weitere Verfasser: Соловьев Г. С., Сапрыгин А. В., Комаров В. В., Израилевич А. И.
Sprache:Russisch
Veröffentlicht: 2003
Schriftenreihe:Статьи
Schlagworte:
Format: MixedMaterials Buchkapitel
KOHA link:https://koha.lib.tpu.ru/cgi-bin/koha/opac-detail.pl?biblionumber=425938

MARC

LEADER 00000naa2a2200000 4500
001 425938
005 20231101074458.0
035 |a (RuTPU)RU\TPU\prd\84609 
035 |a RU\TPU\prd\19485 
090 |a 425938 
100 |a 20100625a2003 k y0rusy50 ca 
101 0 |a rus 
102 |a RU 
200 1 |a Содержание [²³4 U] в обогащенном уране в зависимости от его концентрации в сырье  |f Г. С. Соловьев, А. В. Сапрыгин, В. В. Комаров, А. И. Израилевич 
225 1 |a Статьи 
320 |a Библиогр.: 5 назв. 
461 1 |0 (RuTPU)RU\TPU\prd\33  |x 0004-7163  |t Атомная энергия  |o теоретический и научно-технический журнал  |f Российская академия наук ; Министерство РФ по атомной энергии, ядерного общества  |d 1956- 
463 1 |0 (RuTPU)RU\TPU\prd\84603  |t Т. 95, вып. 1  |v с. 32-34  |d 2003 
610 1 |a обогащенный уран 
610 1 |a сырье 
610 1 |a концентрация 
610 1 |a расчеты 
610 1 |a результаты 
675 |a 546.791.02.234:621.039.3  |v 3 
701 1 |a Соловьев  |b Г. С. 
701 1 |a Сапрыгин  |b А. В. 
701 1 |a Комаров  |b В. В. 
701 1 |a Израилевич  |b А. И. 
801 1 |a RU  |b 63413507  |c 20031112  |g PSBO 
801 2 |a RU  |b 63413507  |c 20100625  |g RCR 
942 |c BK